000 01585nam0a2200277 i 4500
001 RU\NLR\bibl\852790
005 20260405084112.0
021 _aRU
_b2005-5783а
_9232а
035 _a(NLR Aleph) 000841529
090 _a1423528
_c1423528
100 _a20051012d2005 |||y0rusy50 ca
101 0 _arus
102 _aRU
105 _ay dm |||||
200 1 _aОрганизационно-экономические основы формирования рынка производственных услуг регионального АПК
_e(на материалах Омской области)
_eавтореф. дис. на соиск. учен. степ. к.э.н.
_eспец. 08.00.05
_fСтепанова Татьяна Юрьевна
_g[ФГОУ ВПО "Ом. гос. аграр. ун-т", Каф. экономики и управления с.-х. производством]
210 _aНовосибирск
_d2005
215 _a22 с.
_d21
320 _aБиблиогр.: с. 22 (6 назв.)
686 _a08.00.05
_2oksvnk
700 1 _4070
_7ca
_8rus
_aСтепанова
_bТ. Ю.
_cэкономист
_gТатьяна Юрьевна
_3RU\NLR\auth\7730412
_913432
801 0 _aRU
_bNLR
_c20051012
_grcr
801 1 _aRU
_bNLR
_c20051012
942 _cBOOK
981 1 0 _a(10) Авторефераты
_b(10) 08.00.00 Экономические науки
_b08.00.05 Экономика и управление народным хозяйством (по отраслям и сферам деятельности)